Bước đầu tìm hiểu tính cách người Huế qua văn hóa của xứ Huế /

保存先:
書誌詳細
第一著者: Phùng Đình Mẫn.
フォーマット: 論文
言語:Vietnamese
主題:
タグ: タグ追加
タグなし, このレコードへの初めてのタグを付けませんか!
Thư viện lưu trữ: Thư viện Trường Đại học Đà Lạt
LEADER 00792nam a2200265 4500
001 DLU090085334
005 ##20091130
040 # # |a DLU  |b vie 
041 # # |a vie 
044 # # |a vn 
100 # # |a Phùng Đình Mẫn. 
245 # # |a Bước đầu tìm hiểu tính cách người Huế qua văn hóa của xứ Huế /  |c Phùng Đình Mẫn. 
653 # # |a Bản sắc văn hóa 
653 # # |a Tâm lí học ứng xử 
653 # # |a Văn hóa học 
773 # # |t Tâm lí học  |g Số 12(117), 2008, tr. 1-4 
920 # # |a Phòng Tạp chí -- Trung tâm Thông tin - Thư viện Trường Đại học Đà Lạt 
994 # # |a DLU 
900 # # |a True 
911 # # |a Nguyễn Thị Linh Chi 
925 # # |a G 
926 # # |a A 
927 # # |a BB 
980 # # |a Thư viện Trường Đại học Đà Lạt